[Event "FRA-ch U12/16 Girls"]
[Site "Agen"]
[Date "2023.04.23"]
[Round "1"]
[White "Lavilledieu, Lily Mei"]
[Black "Belijar, Alice"]
[Result "1-0"]
[WhiteElo "1632"]
[BlackElo "1216"]
[PlyCount "75"]
[EventDate "2023.04.23"]
[EventType "swiss"]
[EventRounds "9"]
[EventCountry "FRA"]
[SourceTitle "CBM 214 Extra"]
[Source "ChessBase"]
[SourceDate "2023.07.31"]
[SourceVersion "1"]
[SourceVersionDate "2023.07.31"]
[SourceQuality "1"]

1. d4 d5 2. c4 c6 3. Nc3 Nf6 4. e3 e6 5. Nf3 Bd6 6. Bd3 Nbd7 7. 0-0 0-0 8. Qc2 dxc4 9. Bxc4 e5 10. Rd1 Qe7 11. Bd3 Re8 12. Ng5 Nf8 13. h3 exd4 14. exd4 Bf5 15. f3 Bxd3 16. Qxd3 Rad8 17. Nge4 Bc7 18. Re1 Rxd4 19. Qxd4 Bb6 20. Qxb6 axb6 21. Nxf6+ Qxf6 22. Rxe8 Qd4+ 23. Be3 Qd7 24. Ra8 c5 25. Rd1 Qe7 26. Bf2 f6 27. Rdd8 g6 28. Rxf8+ Kg7 29. Rg8+ Kh6 30. Rae8 Qd7 31. Be3+ g5 32. h4 Qf5 33. hxg5+ Kh5 34. g4+ Kh4 35. gxf5 c4 36. gxf6 b5 37. Re7 h5 38. Re4+ 1-0